Movies Quiz

Random Movies or Clickable Quiz

Movie Franchise Character Sorting III Quiz Stats

 Plays Quiz Updated Nov 2, 2019

Score 0/15 Timer 02:00
20 Plays Today
% Correct
Harry Potter
95.1%
Transformers
94.2%
DC Comics
92.5%
Pirates of the Caribbean
85.8%
Mission: Impossible
82.9%
Star Wars
82.6%
Hunger Games
81.1%
Lord of the Rings
80.3%
% Correct
Twilight
77.9%
Jurassic Park
69.3%
Rocky
68.3%
Star Trek
66.9%
Marvel Cinematic Universe
66.7%
Fast and the Furious
63.7%
X-Men
62.3%

You're not logged in!

Compare scores with friends on all Sporcle quizzes.
OR
Log In

Sporcle TV

Today on Sporcle TV


Watch our educational content, quiz creation guides, and fun videos on Sporcle TV.

Show Comments

Extras

Top Quizzes Today


Score Distribution

Your Account Isn't Verified!

In order to create a playlist on Sporcle, you need to verify the email address you used during registration. Go to your Sporcle Settings to finish the process.

Report this User

Report this user for behavior that violates our Community Guidelines.

Details: